LEADER 01070cam0-2200349---450- 001 990004088220403321 005 20121106133133.0 010 $a2-600-00185-9 035 $a000408822 035 $aFED01000408822 035 $a(Aleph)000408822FED01 035 $a000408822 100 $a19990604d1997----km-y0itay50------ba 101 0 $afre 102 $aCH 105 $a--------001yy 200 1 $aAntonin Artaud$el'énonciation, ou l'épreuve de la cruauté$fCatherine Bouthors-Paillart$gpréface de Julia Kristeva 210 $aGenève$cDroz$d1997 215 $aXIII, 230 p.$d22 cm 225 1 $aHistoire des idées et critique littéraire$v357 610 0 $aArtaud, Antonin 676 $a842.912 700 1$aBouthors-Paillart,$bCatherine$0158305 702 1$aKristeva,$bJulia$f<1941- > 801 0$aIT$bUNINA$gRICA$2UNIMARC 901 $aBK 912 $a990004088220403321 952 $a842.912 ARTA/S 2$bBibl.27142$fFLFBC 952 $a842.912 ARTA/S 2BIS$bDip.f.m.9276$fFLFBC 959 $aFLFBC 996 $aAntonin Artaud$9479390 997 $aUNINA LEADER 00811nam0-22002891i-450- 001 990000116240403321 035 $a000011624 035 $aFED01000011624 035 $a(Aleph)000011624FED01 035 $a000011624 100 $a20011111d--------km-y0itay50------ba 101 0 $aita 105 $ay-------001yy 200 1 $a<>Officine Galileo nell'anno 2. dell'impero 210 $aIn Firenze$cC. Mori$d1937 215 $a122 p., 1 tav.$cill.$d34 cm 610 0 $aStrumenti ottici$aIndustria 676 $a338.476 814 710 02$aOFFICINE GALILEO$07492 801 0$aIT$bUNINA$gRICA$2UNIMARC 901 $aBK 912 $a990000116240403321 952 $a13 N 27 11$b17166$fFINBC 959 $aFINBC 996 $aOfficine Galileo nell'anno 2. dell'impero$9114742 997 $aUNINA DB $aING01